000 00370 a2200133 4500
001 ART_39490
005 20260410161736.0
008 260409a
245 1 0 _aLa nueva coalición
100 1 _aSzewach, Enrique
700 1 _aBotana, Natalio
700 1 _aBlasco, Eduardo
773 0 _tEjecutivos de finanzas
_g- Año 7, Nº 61 (nov. 1989)
_wREV2863
999 _c18330
_d18330